书目信息 |
| 题名: |
中原远古文化
|
|
| 作者: | 许顺湛 著 | |
| 分册: | ||
| 出版信息: | 郑州 河南人民出版社 1983.6 |
|
| 页数: | 516页 | |
| 开本: | 20cm | |
| 丛书名: | ||
| 单 册: | ||
| 中图分类: | K21 | |
| 科图分类: | ||
| 主题词: | 中国--古代史--原始社会 | |
| 电子资源: | ||
| ISBN: | ||
| 000 | 00548nam0 2200205 45 | |
| 001 | 0312221749 | |
| 005 | 20050419171941.2 | |
| 010 | @dCNY2.07 | |
| 091 | @a11105.62 | |
| 100 | @a20031222d1983 km y0chiy0120 ea | |
| 101 | @achi | |
| 105 | @a z 000yy | |
| 200 | 1 | @a中原远古文化@AZhong Yuan Yuan Gu Wen Hua@f许顺湛著@FXu Shun Zhan Zhu |
| 210 | @a郑州@c河南人民出版社@d1983.6 | |
| 215 | @a516页@d20cm | |
| 606 | 0 | @a中国@x古代史@x原始社会 |
| 690 | @aK21@v3 | |
| 701 | 0 | @a许顺湛@4著 |
| 801 | @aCN@bTSTCL@c20031222 | |
| 905 | @dK21@e10@b211482@f1 | |
| 中原远古文化/许顺湛著.-郑州:河南人民出版社,1983.6 |
| 516页;20cm |
| ISBN :CNY2.07 |
| ● |
| 相关链接 |
|
|
|
|
正题名:中原远古文化
索取号:K21/10
 
预约/预借
| 序号 | 登录号 | 条形码 | 馆藏地/架位号 | 状态 | 备注 |
| 1 | 0211481 | 001277040 | 第二借阅区/ [索取号:K21/10] | 在馆 | |
| 2 | 0211482 | 001989263 | 密集书库/ [索取号:K21/10] | 在馆 | |
| 3 | 0211483 | 202113300 | 第二样本阅览室/ [索取号:K21/10] | 在馆 |